Кримінальне право України (Запис № 311195)

МАРК-запис
000 -Лідер
fixed length control field 00902nam a22002657a 4500
001 - Контрольний номер
control field 24909
003 - Ідентифікатор контрольного номера
control field UA-OsUOA
005 - Дата та час останнього входження (трансакції)
control field 20200302121731.0
007 - Фіксоване поле фізичного опису
fixed length control field ta
008 - Елементи даних фіксованої довжини – загальна інформація
fixed length control field 20040304b un ||||| |||| 00| 0 ukr d
020 ## - Міжнародний стандартний книжковий номер (ISBN)
Міжнародний стандартний книжковий номер (ISBN) (НП) 5120039618
040 ## - Джерело каталогізації
Агенція оригінальної каталогізації UA-OsUOA
Мова каталогізації ukr
Агенція, яка здійснювала перезапис UA-OsUOA
Агенція, яка здійснювала модифікацію UA-OsUOA
041 ## - Код мови
Код мови тексту/ звукової доріжки чи окремого заголовка (П) ukr
044 ## - Код країни видавця/ виробника
Код країни видавця/ виробника (П) UA
080 ## - Індекс Універсальної десяткової класифікації
Індекс Універсальної десяткової класифікації (УДК) (НП) 343
090 ## - Локальний шифр розміщення
Класифікаційний індекс УДК 343
Авторський знак (НП) Ч-49
100 ## - Основне введення – ім’я особи
Ім’я особи (НП) Чернишова Н. В.
245 ## - Відомості про назву
Назва (НП) Кримінальне право України
Решта назви (НП) тези лекцій і практичні завдання для курсантів Київського училища міліції МВС України
260 ## - Публікація, розповсюдження і т.п. (Вихідні дані)
Місце публікації, розповсюдження і т.п. (П) К.
Ім’я/ наймення видавництва, розповсюджувача і т.п. (П) Наукова Думка
Дата публікації, розповсюдження і т.п. (П) 1995
300 ## - Фізичний опис
Обсяг 456 с.
650 #7 - Додаткове предметне введення – тематичний термін
Тематичний термін чи географічна назва, як елемент введення (НП) 343 Кримінальне право. Карні порушення
Джерело заголовка чи терміна UDC
942 ## - Додаткові елементи входу (Коха)
Тип елемента Koha Книги
Source of classification or shelving scheme Universal Decimal Classification
955 ## - Код типу видання за змістом
Код типу видання за змістом (НП) Навчальні видання
Фонди
Стан вилучень Стан втрат Джерело класифікації або схеми стелажів Стан уражень Не для кредиту Постійне місце розташування Поточне розміщення Дата придбання Інвентарний номер Усього замовленно Повний номер виклику Штрих-код Дата останнього перегляду Ціна ефективна від Тип елемента Koha Вартість, звичайна ціна покупки Дата останньої перевірки Код колекції Джерело придбання
    Universal Decimal Classification     АБ - Абонемент НБ АБ - Абонемент НБ 11/08/2006 14969   343 Ч-49 14969 16/12/2021 04/03/2004 Книги        
    Universal Decimal Classification     АБ - Абонемент НБ АБ - Абонемент НБ 28/08/2012 14970   343 Ч-49 14970 16/12/2021 04/03/2004 Книги        
    Universal Decimal Classification     АБ - Абонемент НБ АБ - Абонемент НБ 11/08/2006 14971   343 Ч-49 14971 16/12/2021 04/03/2004 Книги        
    Universal Decimal Classification     АБ - Абонемент НБ АБ - Абонемент НБ 11/08/2006 14974   343 Ч-49 14974 16/12/2021 04/03/2004 Книги        
    Universal Decimal Classification     АБ - Абонемент НБ АБ - Абонемент НБ 15/06/2004 79411   343 Ч-49 79411 16/12/2021 04/03/2004 Книги 25.00      
    Universal Decimal Classification     АБ - Абонемент НБ АБ - Абонемент НБ 14/06/2004 79545   343 Ч-49 79545 06/05/2022 04/03/2004 Книги 14.00      
    Universal Decimal Classification     ЧЗ - Читальна зала ЧЗ - Читальна зала 04/03/2004 66881   343 Ч-49 66881 07/02/2022 04/03/2004 Книги 9.50      
    Universal Decimal Classification     ЧЗ - Читальна зала ЧЗ - Читальна зала 04/03/2004 66882 1 343 Ч-49 66882 07/02/2022 04/03/2004 Книги 22.42 25/07/2019    
    Universal Decimal Classification     ЧЗ - Читальна зала ЧЗ - Читальна зала 04/03/2004 66883   343 Ч-49 66883 07/02/2022 04/03/2004 Книги 23.00      
    Universal Decimal Classification     ЧЗ - Читальна зала ЧЗ - Читальна зала 04/03/2004 66884   343 Ч-49 66884 07/02/2022 04/03/2004 Книги 172.50      
    Universal Decimal Classification     ЧЗ - Читальна зала ЧЗ - Читальна зала 10/03/2004 93041   343 Ч-49 93041 07/02/2022 04/03/2004 Книги 5.00      
    Universal Decimal Classification     ЧЗ - Читальна зала ЧЗ - Читальна зала 01/03/2010 126800   343.2 Ч-49 126800 11/02/2022 01/03/2010 Книги 25.00   Колекція Бауліна Ю.В. 18/2010